ABBA Song - Sudden Death - Statistics

General Stats
  • This quiz has been taken 150 times
  • The average score is 8 of 10
Answers on the Grid
Answers color-coded by a green-red scale on the quiz's grid according to % correct below.
A Million Ways to Say Goodbye
Always After the Final Song
City Lights & Lonely Dreams
Dancing Queen
Dancing Through Goodbye
Eagle
Echoes from a Paper Heart
Falling Slowly into Forever
Fernando
Gimme! Gimme! Gimme! (A Man After Midnight)
Golden Days of You and Me
If Tomorrow Never Comes Again
Knowing Me, Knowing You
Love Written in the Stars
Lovers in the Candlelight
Mamma Mia
Midnight Love Affair
One of Us
Our Love in Technicolor
Silver Heart Serenade
Summer Promises Never Fade
Take a Chance on Me
Tears in the Ballroom Light
The Dance We Never Finished
The Last Summer Promise
The Winner Takes It All
Velvet Skies & Memories
Waterloo
When the Music Falls Silent
Whispers on a Summer Night
 
Answer Stats
Answer % Correct
Dancing Queen
99%
Mamma Mia
97%
Waterloo
96%
Gimme! Gimme! Gimme! (A Man After Midnight)
95%
The Winner Takes It All
95%
Fernando
94%
Take a Chance on Me
90%
Knowing Me, Knowing You
87%
One of Us
65%
Eagle
29%
No matching quizzes found
Score Distribution
Percent of People with Each Score
Percentile by Number Answered
Your Score History
You have not taken this quiz